banner-ar

PSYCHOLOGY FOR PERFORMING ARTISTIS BUTTERFLIES AND BOUGUETS / (Record no. 23498)

MARC details
000 -الفاتح
حقل البيانات ثابتة الطول 00512nam a2200181Ia 4500
008 - عناصر البيانات ثابتة الطول - معلومات عامة
حقل البيانات ثابتة الطول 140319s9999 xx 000 0 eng d
040 ## - مصدر الفهرسة
وكالة الفهرسة الأصلية GCL /
وكالة النسخ GCL
082 04 - رقم تصنيف ديوى العشرى
رقم التصنيف 152.4
رقم المادة W P
100 1# - المدخل الرئيسى - إسم شخصى
الإسم الشخصى WILSON, GLENN D.
245 10 - بيان العنوان
العنوان PSYCHOLOGY FOR PERFORMING ARTISTIS BUTTERFLIES AND BOUGUETS /
بيان المسئوليه,etc WILSON, GLENN D.
700 1# - المدخل الاضافى - اسم شخصى
الإسم الشخصى WILSON, GOLDER
260 ## - PUBLICATION, DISTRIBUTION, ETC. (IMPRINT)
تاريخ النشر أو التوزيع 1994
300 ## - الوصف المادى
التعداد 247 P
650 04 - المدخل الاضافى بالموضوع-مصطلح موضوعى
مصطلح موضوعي PSYCHOLOGICAL ASPECTS
650 04 - المدخل الاضافى بالموضوع-مصطلح موضوعى
مصطلح موضوعي THEATER
942 ## - عناصر المدخل الإضافي( كوها)
مصدر التصنيف او مخطط الترفيف Dewey Decimal Classification
Koha [default] item type كتاب
260 ## - PUBLICATION, DISTRIBUTION, ETC. (IMPRINT)
-- [S.N] :
-- JESSICA KINGSLEY PUBLISHERS ،
Holdings
حالة التراجع حالة الفقد حالة تلف ليس للاعارة المكان المؤقت الموقع الحالى تاريخ الاكتساب اجمالي اﻻعارات رقم الطلب الباركود تاريخ اخر مشاهدة تاريخ تفعيل السعر نوع وعاء كوها
        مكتبة القاهرة الكبرى مكتبة القاهرة الكبرى 03/26/2014   152.4\W P 41895 03/26/2014 03/26/2014 كتاب
        مكتبة القاهرة الكبرى مكتبة القاهرة الكبرى 03/26/2014   152.4\W P 41896 03/26/2014 03/26/2014 كتاب

Powered By

EGPV